Coupe du Monde de Football: France - Statistiques

Statistiques générales
  • Ce quiz a été pris 690 fois
    385 depuis la dernière actualisation
  • Le résultat moyen est 29 sur 38
Statistiques - réponses
Réponse % Correct
Argentine
99%
Angleterre
97%
Belgique
96%
Croatie
96%
Allemagne
95%
Brésil
95%
Italie
95%
Maroc
95%
RFA
95%
Australie
94%
Uruguay
94%
Danemark
92%
Espagne
91%
Tunisie
91%
Portugal
90%
Pologne
88%
Suisse
87%
Pérou
82%
URSS
81%
Mexique
80%
Afrique du Sud
78%
Sénégal
76%
Corée du Sud
69%
Chili
68%
Yougoslavie
68%
Paraguay
66%
Hongrie
62%
Nigeria
62%
Tchécoslovaquie
61%
Equateur
60%
Arabie Saoudite
58%
Canada
58%
Autriche
57%
Honduras
56%
Ecosse
44%
Togo
43%
Irlande du Nord
37%
Koweït
27%
Aucun quiz correspondant
Distribution des résultats
% des personnes avec chaque résultat
Percentile par nombre de réponses
Votre historique - résultats
Vous n’avez pas pris ce quiz depuis la dernière actualisation